000 00931nam a2200325Ia 4500
003 OSt
005 20220912144128.0
006 a|||||r|||| 00| 0
007 ta
008 220909b |||||||| |||| 00| 0 eng d
020 _a9789811003998 (hbk)
024 _a198337
037 _b28, 16/08/2017, A.J. Books
037 _cTextual
040 _beng
041 _aeng
082 _aB280bX:8, Q6
100 _aMiah Abdul Quader
245 0 _aApplied statistics for social and management sciences
260 _aSingapore
_bSpringer
_c2016
300 _axv,444p. ill.
_ccm
500 _aIndex 439-444
650 _a Descriptive statistics
650 _a Hypothesis testing
650 _a Presentation of statistical data
650 _a Probability theory
650 _aStatistics
942 _hB280bX:8, Q6
_cTEXL
_2CC
999 _c4152
_d4152